Statistics for AFL Team of the Century

Click here to take the quiz!

General Stats

  • This quiz has been taken 1,397 times
    (580 since last reset)
  • The average score is 7 of 22

Answer Stats

PositionPlayerTeam% Correct
Interchange BenchGary Ablett Snr.Hawthorn/Geelong
81%
FullbackStephen SilvagniCarlton
57%
Forward PocketLeigh MatthewsHawthorn
55%
Full ForwardJohn ColemanEssendon
43%
Centre Half Back (c)Ted WhittenFootscray
41%
CoachNorm SmithMelbourne/Fitzroy/South Melbourne
37%
Ruck RoverRon BarassiMelbourne/Carlton
37%
RuckGraham FarmerGeelong
36%
Interchange BenchGreg WilliamsSydney/Carlton/Geelong
35%
Half Back FlankBruce DoullCarlton
34%
Back PocketBernie SmithGeelong
33%
RoverBob SkiltonSouth Melbourne
32%
CentreIan StewartRichmond/St Kilda
32%
Interchange BenchJack DyerRichmond
26%
Half Forward FlankAlex JesaulenkoCarlton/St Kilda
24%
Centre Half ForwardRoyce HartRichmond
24%
Half Forward FlankDick ReynoldsEssendon
23%
Half Back FlankKevin MurrayFitzroy
23%
Forward PocketHaydn BuntonFitzroy
20%
WingFrancis BourkeRichmond
19%
Back PocketJohn NichollsCarlton
19%
WingKeith GreigNorth Melbourne
18%

Score Distribution

Percentile by Number Answered

Percent of People with Each Score

Your Score History

You have not taken this quiz since the last reset